| 000 | 00463nam a22001457a 4500 | ||
|---|---|---|---|
| 020 | _a9789692366304 | ||
| 082 |
_a355.954 _bDAR |
||
| 100 | _aDar, Ghazanfar Lateef | ||
| 245 |
_aWar in the Making: _bSouth Asia and US-China Strategic Competition in Indo-Pacific / _cGhazanfar Lateef Dar |
||
| 260 |
_aLahore : _bMaqsood Graphic, _c2021. |
||
| 300 |
_a273p. ; _c22 cm. |
||
| 942 |
_2ddc _cBK |
||
| 999 |
_c587827 _d587827 |
||